LEADER 01328nam a2200289 i 4500 001 991001725779707536 008 060628s2005 nyua b 001 0 eng d 020 $a0393327795 035 $ab13417708-39ule_inst 040 $aDi.S.Te.B.A.$beng 082 0 $a576.8$222 084 $aLC QH453.C37 2005 100 1 $aCarroll, Sean B.$0505789 245 10$aEndless forms most beautiful :$bthe new science of evo devo and the making of the animal kingdom /$cSean B. Carroll ; with illustrations by Jamie W. Carroll, Josh P. Klaiss, Leanne M. Olds 260 $aNew York :$bNorton,$cc2005 300 $axi, 350 p. :$bill. (some col.) ;$c25 cm 504 $aIncludes bibliographical references (p. 307-328) and index 650 0$aDevelopmental genetics$vPopular works 650 0$aEvolutionary genetics$vPopular works 767 0 $tInfinite forme bellissime : la nuova scienza dell'Evo-Devo 856 41$3Table of contents$uhttp://www.loc.gov/catdir/toc/ecip055/2004029388.html$zTable of Contents 907 $a.b13417708$b12-10-12$c28-06-06 912 $a991001725779707536 945 $aLE003 576.8 CAR01.01 (2005)$g1$i2003000092042$lle003$op$pE13.29$q-$rl$s- $t0$u0$v0$w0$x0$y.i14283256$z30-08-06 996 $aEndless forms most beautiful$91091912 997 $aUNISALENTO 998 $ale003$b28-06-06$cm$da $e-$feng$gnyu$h0$i0